Sports Quiz

Random Sports or Football Quiz

NPower Championship Player-Club Matcher Quiz Stats

 Plays Quiz not verified by Sporcle

Score 0/20 Timer 05:00
0 Plays Today
Player Team Full Name % Correct
Jimmy Kébé Reading
84.6%
Craig Mackail-SmithBrighton And Hove Albion
79.3%
Jason RobertsReading
76.4%
Billy SharpSouthampton
72.1%
Erik HusekleppPortsmouth
64.4%
Kevin McNaughtonCardiff City
63.5%
Lukas JutkiewiczMiddlesbrough
63%
Luke SteeleBarnsley
62%
Ludovic SylvestreBlackpool
60.6%
Curtis DaviesBirmingham City
57.7%
Player Team Full Name % Correct
Jason SteeleMiddlesbrough
54.8%
Chris IwelumoWatford
54.3%
Dean HammondSouthampton
52.9%
Neil KilkennyBristol City
51.4%
George BoatengNottingham Forest
42.3%
Lee PeltierLeicester City
41.3%
Mika VayrynenLeeds United
36.1%
Nathan EllingtonIpswich Town
32.7%
Gareth RobertsDerby County
32.2%
Brian MontenegroWest Ham
23.6%

You're not logged in!

Compare scores with friends on all Sporcle quizzes.
OR
Log In

Show Comments

Extras

Top Quizzes Today


Score Distribution

Your Account Isn't Verified!

In order to create a playlist on Sporcle, you need to verify the email address you used during registration. Go to your Sporcle Settings to finish the process.

Report this User

Report this user for behavior that violates our Community Guidelines.

Details: